Statistics for Schoolhouse Rock! quiz

Click here to take the quiz!

General Stats

  • This quiz has been taken 52 times
  • The average score is 8 of 11

Answer Stats

Answer% Correct
{Conjunction} {Junction}, what's your function?
98%
I'm just a {Bill}, yes I'm only a {Bill}, and I'm sitting here on Capitol Hill
98%
{Three} is a magic number / Yes it is, it's a magic number
83%
And the {shot} {heard} '{round} {the} {world}, was the start of the Revolution
80%
Lolly, lolly, lolly, get your {adverbs} here!
80%
{Interjections} (Hey!) show excitement (Yow!) or emotion (Ouch!)
71%
Lovely Lady Liberty / With her book of recipes / And the finest one she's got / Is the {great} {American} {melting} {pot}
66%
{Interplanet} {Janet}, she's a galaxy girl / A solar system Ms. from a future world,
61%
When you're in the dark and you want to see, You need uh... {Electricity}, {Electricity}
56%
You can describe people, places and things... Simply {unpack} {your} {adjectives}
49%
I get my thing in action ({Verb}!) / To be, to sing, to feel, to live ({Verb}! {That's} {what's} {happenin}')
37%

Score Distribution

Percentile by Number Answered

Percent of People with Each Score

Your Score History

You have not taken this quiz